00508nam a2200205Ia 4500008004100000020001800041050001400059100001900073245002800092245004800120260001500168260001600183260000900199300001500208300002700223300001000250440002700260440000700287500000800294170918s9999 xx 000 0 und d a9780439204248 bC287 2001 aCarmi, Rebecca aExpedition down under / cRebecca Carmi ; illustrated by John Speirs. aNew York : bScholastic, c2001 a87 pages : bcolored illustration ; c19cm. aThe magic school bus ; v10 a630